00629 2200241 4500001002100000005001700021008004100038020001800079035002400097082001000121090002000131100001700151245006200168250001000230260005000240300002300290650001800313850001200331980001300343985000600356986001000362999001500372YOGYA-0209000007065920090227093419.0 ind  a979-459-034-6 0010-020900000070659 a398.2 a398.2bSut KlK aSUTINI, Lien aKisah Empu KamarekacDiceritakan Kembali Oleh Lien Sutini aCet.2 aJakartabDepartenen Pendidikan Nasionalc2006 aviii, 84 hlmbilus aCerita rakyat aYOPDYOG a19-02-08 a1 arevRI a08A0032770